Great streets (Record no. 7201)

000 -LEADER
fixed length control field 00288nam a2200133Ia 4500
008 - FIXED-LENGTH DATA ELEMENTS--GENERAL INFORMATION
fixed length control field 200302s9999 xx 000 0 und d
020 ## - INTERNATIONAL STANDARD BOOK NUMBER
International Standard Book Number 978026260023
100 ## - MAIN ENTRY--PERSONAL NAME
Personal name Alan B Jacobs
245 ## - TITLE STATEMENT
Title Great streets
260 ## - PUBLICATION, DISTRIBUTION, ETC. (IMPRINT)
Name of publisher, distributor, etc MIT Press
Date of publication, distribution, etc 1995
260 ## - PUBLICATION, DISTRIBUTION, ETC. (IMPRINT)
Date of publication, distribution, etc 1978
300 ## - PHYSICAL DESCRIPTION
Extent 185
942 ## - ADDED ENTRY ELEMENTS (KOHA)
Source of classification or shelving scheme
Holdings
Withdrawn status Lost status Damaged status Koha normalized classification for sorting Not for loan Permanent location Current location Date acquired Cost, normal purchase price Full call number Barcode Date last seen Price effective from Koha item type
      711_410000000000000   BMS College of Architecture, Design and Planning BMS College of Architecture, Design and Planning 2020-03-03 3566.43 711.41 AR-UG1103 2020-03-03 2020-03-03 UG Books
Copyright © 2025, The Librarian, Library and Information Centre, BMSCA D&P, Bengaluru. All Rights Reserved
web counter

Powered by Koha